| 000 | 00500nam a2200145Ia 4500 | ||
|---|---|---|---|
| 008 | 231129s1986||||xx |||||||||||||| ||spa|| | ||
| 020 | _a958-602-146-7 | ||
| 040 | _bspa | ||
| 082 | _aR 004.03 J32d | ||
| 100 | _aJamin Klaus | ||
| 245 | 0 | _aDiccionario ilustrado de la computación: Con equivalencias en inglés y un amplio índice español-inglés inglés-español | |
| 260 | _c1986 | ||
| 264 | _aBogotá Colombia : Círculo de Lectores | ||
| 942 |
_2ddc _cBKS |
||
| 999 |
_c9463 _d9463 |
||